Las ideologías y el derecho

Đã lưu trong:
Chi tiết về thư mục
Tác giả chính: Méndez de Smith, Elisa A. (autora)
Định dạng: Sách
Ngôn ngữ:Tiếng Tây Ban Nha
Được phát hành: Buenos Aires Astrea 1982
Loạt:Filosofía y Derecho, 10
Những chủ đề:
Các nhãn: Thêm thẻ
Không có thẻ, Là người đầu tiên thẻ bản ghi này!

MARC

LEADER 00000nam a2200000 a 4500
001 UCV2900
003 CL-VaPUC
008 921221e19820000AG |||||||||||||||||spa|d
082 0 4 |a 340.1  |b MEN  |2 21 
100 |a Méndez de Smith, Elisa A.  |e autora  |9 297203 
245 1 4 |a Las ideologías y el derecho 
300 |a 158 p 
942 |c BK 
945 |d 19921221 00:00:00 
260 |a Buenos Aires  |b Astrea  |c 1982 
650 0 |a Filosofía del derecho   |9 255050 
583 |a last modification  |c 19921221 00:00:00  |k Rodrigo Vera 
490 0 |a Filosofía y Derecho, 10 
999 |c 210354  |d 210352 
952 |0 0  |1 0  |4 0  |6 340_100000000000000_MEN_1982  |7 0  |8 DER_TF  |9 186502  |a BIBDER  |b BIBDER  |d 2019-11-14  |i 2540002  |o 340.1 MEN 1982  |p 2540002  |r 2023-01-25  |w 2019-11-14  |x Ubicación 4to Piso  |y BK  |z Estos recursos deben solicitarse con anticipación  |k DER